| 000 | 00866cam a2200229 4500 | ||
|---|---|---|---|
| 001 | WB3616-58 | ||
| 008 | 000000n2000 000 0 eng u | ||
| 035 | _a(Sirsi) u105474 | ||
| 245 | _aPartnership Dissolution | ||
| 260 | _c2000 | ||
| 490 |
_aEstates Gazette Case Summaries _v[2000] EGCS 49 (15/04/00) |
||
| 520 | _a"Hurst v Bryk and others" HL 30 March 2000. Held that the appellant was still contractually liable for the outgoings of the partnership despite its termination by repudiation rather than by agreement. Appeal dismissed. | ||
| 590 | _aWB | ||
| 650 | _aHURST V BRYK | ||
| 650 | _aPARTNERSHIP | ||
| 650 | _aDISSOLUTION | ||
| 650 | _aCONTRACTUAL LIABILITY | ||
| 650 | _aREPUDIATION | ||
| 650 | _aBANK OF BOSTON CONNECTICUT V EUROPEAN GRAIN & SHIPPING LTD | ||
| 690 | _aMANAGEMENT-BUSINESS MANAGEMENT-PROFESSIONAL PRACTICE | ||
| 942 | _n0 | ||
| 999 |
_c63193 _d63193 |
||